01226nam a2200301 a 450000100100000000500170001000800410002702000180006804000250008608200140011110000270012524000210015224501690017326000450034230000320038750000560041970000320047570000290050770000320053670000320056870000390060070000350063970000460067470000370072070000380075795201120079599900170090700004053620201002034210.0130830s2008 sp a 001 0 spa d a9788479036003 aDO-SdBNPbspacBNPHU axxxxbxxx1 aGilroy, Anne M.96683910aAtlas of anatomy10aAtlas de Anatomía. /cAnne M. Gilroy, Brian R. MacPherson, Lawrence M. Ross; ilustraciones, Markus Voll, Karl Wesker; traducción, Andrés Del Barrio, [et.al.]. aMadrid, España :bPanamericana,c2008. axv, 656 p. :bil. ;c28 cm. aLa biblioteca posee la tercera reimpresion del 20121 aMacPherson, Brian R.9668401 aRoss, Lawrence M.9668411 aVoll, Markuseilust.9668421 aWesker, Karleilust.9668431 aDel Barrio, Andrésetrad.9668441 aMezzano, Gustavoetrad.9668451 aRodríguez Planes, Gerardoetrad.9668461 aTaveira, Jorgelinaetrad.9668471 aVásquez, Damiánetrad.966848 001050718MOaGRbGRcCTd2013-08-30iLF1l0oxxxx xxxp40536-10r2020-06-25w2020-06-25y1ZNo se presta c40026d40026